000 00600nam a22002057a 4500
008 151012b xxu||||| |||| 00| 0 eng d
020 _a0735552568
020 _a0735552576 ( teacher's manual)
041 0 _aeng
080 _a347.13
100 1 _aGillers, Stephen,
245 1 0 _aRegulation of lawyers :
_cStephen Gillers.
250 _a7th ed.
260 _aNew York, NY :
_bAspen Publishers,
_c2005.
300 _axxix, 864 f. ;
_c26 cm. +
_eteacher's manual.
650 0 _aEtika ligjore
650 0 _aPraktika ligjore
650 0 _aJuristët
942 _2udc
_cBK
999 _c1254
_d1254